MARC

LEADER 00000nam0a2200000 4500
001 370009
005 20231102012235.0
035 |a (RuTPU)RU\TPU\retro\27417 
090 |a 370009 
100 |a 20220615d1979 k y0rusy50 ca 
101 0 |a rus 
102 |a UA 
105 |a a z 001zy 
200 1 |a Прикладная аэродинамика  |e межвузовский сборник научных трудов  |f Киевский институт инженеров гражданской авиации ; отв. ред. А. М. Мхитарян 
210 |a Киев  |c Изд-во КИИГА  |d 1979 
215 |a 142 с.  |c ил. 
320 |a Библиогр. в конце ст. 
606 1 |a Аэродинамика  |2 stltpush  |3 (RuTPU)RU\TPU\subj\29869  |9 53103 
610 1 |a прикладные методы 
610 1 |a полеты 
610 1 |a динамика 
610 1 |a электрогазодинамические явления 
610 1 |a турбулентность 
610 1 |a продольное движение 
610 1 |a самолеты 
610 1 |a обтекание 
675 |a 533.6  |v 4 
702 1 |a Мхитарян  |b А. М.  |4 340 
712 0 2 |a Киевский институт инженеров гражданской авиации  |2 stltpush  |3 (RuTPU)RU\TPU\col\7483  |9 24336 
801 1 |a RU  |b 63413507  |c 20220615 
942 |c BK